000 00630nam a2200193Ia 4500
003 IN-BaIIA
008 211028s9999 xx 000 0 eng d
020 _a0-11-88694-5
040 _cIIA Library
080 _a059:52
_bAAL-90
110 _aUnited States. Government Printing Office
_98241
245 4 _aThe Astronomical Almanac for the year 1990
_cU.S.Government Printing Office
260 _aU.S.A.
_bU. S. Government Printing Office
_c1989
300 _a[various pagings.]
650 _aAlmanacs
650 _aAstronomy and Astrophysics Thesaurus
650 _aEphemerides
_911078
942 _cBK
999 _c9770
_d9770